[Event "Cantabria-ch"]
[Site "Cantabria"]
[Date "2009.03.21"]
[Round "2"]
[White "Rivas Bermudes, Pedro"]
[Black "Arce Del Rio, Jose Maria"]
[Result "1-0"]
[WhiteElo "1689"]
[BlackElo "1574"]
[PlyCount "25"]
[EventDate "2009.03.14"]
[EventType "swiss"]
[EventRounds "7"]
[EventCountry "ESP"]
[SourceTitle "EXT 2024"]
[Source "ChessBase"]
[SourceDate "2023.10.10"]
[SourceVersion "1"]
[SourceVersionDate "2023.10.10"]
[SourceQuality "1"]

1. e4 d5 2. exd5 Qxd5 3. Nc3 Qe5+ 4. Be2 c6 5. d4 Qc7 6. Nf3 Nf6 7. Ne5 Bf5 8. Bf4 e6 9. Ng6 Bd6 10. Bxd6 Qxd6 11. Nxh8 Nbd7 12. Qd2 0-0-0 13. Nxf7 1-0